| 000 | 01132nam a22002297a 4500 | ||
|---|---|---|---|
| 001 | 6806 | ||
| 003 | FISKH | ||
| 005 | 20250528164746.0 | ||
| 008 | 250528b cb ||||| |||| 00| 0 eng d | ||
| 040 |
_aFISKH _beng _cFISKH _dFISKH |
||
| 050 | _aLB2369 | ||
| 082 | _a808.02 | ||
| 100 | _aTurabian, Kate L. | ||
| 245 |
_aA manual for writers of term papers, theses, and dissertations / _cBy Kate L. Turabian |
||
| 260 |
_aChicago and London : _bUniversity of Chicago Press , _c1955. |
||
| 300 |
_a109 pages : _billustrations ; _c25 cm . |
||
| 520 | _a"This new edition of the classic reference work on writing research papers recognizes recent developments in information literacy--including finding, evaluating, and citing a wide range of digital sources--and the evolving use of software for citation management, graphics, and paper format and submission while continuing to reflect best practices for research and writing, as adapted from the most recent editions of The Craft of Research and The Chicago Manual of Style. | ||
| 650 | _aAcademic writing | ||
| 650 | _aWriting manual | ||
| 942 |
_2ddc _cBK _n0 |
||
| 999 |
_c6806 _d6806 |
||